Mines and mineral deposits, Missoula and Ravalli counties, Montana. (Record no. 29168)

MARC details
000 -LEADER
fixed length control field 00841cam a22002411 4500
001 - CONTROL NUMBER
control field gs 57000213
003 - CONTROL NUMBER IDENTIFIER
control field DLC
005 - DATE AND TIME OF LATEST TRANSACTION
control field 20260227111405.0
008 - FIXED-LENGTH DATA ELEMENTS--GENERAL INFORMATION
fixed length control field 790313s1957 mtua 000 0 eng c
010 ## - LIBRARY OF CONGRESS CONTROL NUMBER
LC control number gs 57000213
035 ## - SYSTEM CONTROL NUMBER
System control number (OCoLC)4738457
040 ## - CATALOGING SOURCE
Original cataloging agency U.S. Geol. Survey
Transcribing agency TxEU
Modifying agency DLC
042 ## - AUTHENTICATION CODE
Authentication code premarc
050 00 - LIBRARY OF CONGRESS CALL NUMBER
Classification number TN224.M9
Item number S3
100 1# - MAIN ENTRY--PERSONAL NAME
Personal name Sahinen, Uuno M.
Fuller form of name (Uuno Mathias),
Dates associated with a name 1906-
245 10 - TITLE STATEMENT
Title Mines and mineral deposits, Missoula and Ravalli counties, Montana.
260 ## - PUBLICATION, DISTRIBUTION, ETC.
Place of publication, distribution, etc. Butte,
Name of publisher, distributor, etc. Montana School of Mines,
Date of publication, distribution, etc. 1957.
300 ## - PHYSICAL DESCRIPTION
Extent v, 63 p. :
Other physical details maps, diagrs., tables ;
Dimensions 28 cm.
410 20 - SERIES STATEMENT/ADDED ENTRY--CORPORATE NAME [OBSOLETE, CAN/MARC], [LOCAL, USA]
Corporate name or jurisdiction name as entry element Montana Bureau of Mines and Geology.
Title of a work Bulletin
Volume number/sequential designation no. 8
504 ## - BIBLIOGRAPHY, ETC. NOTE
Bibliography, etc. note Bibliography: p. 59.
650 #0 - SUBJECT ADDED ENTRY--TOPICAL TERM
Topical term or geographic name entry element Mines and mineral resources
Geographic subdivision Montana
-- Missoula County.
650 #0 - SUBJECT ADDED ENTRY--TOPICAL TERM
Topical term or geographic name entry element Mines and mineral resources
Geographic subdivision Montana
-- Ravalli County.

No items available.

Powered by Koha